Zambia capitals of the provinces - Statistics

General Stats
  • This quiz has been taken 19 times
  • The average score is 5 of 10
Answer Stats
Hint Answer % Correct
Lusaka Lusaka
92%
Copperbelt Ndola
85%
Central Province Kabwe
62%
Northern Province Kasama
46%
North-Western Province Solwezi
46%
Muchinga Chinsali
38%
Eastern Province Chipata
38%
Southern Province Choma
23%
Luapula Mansa
15%
Western Province Mongu
15%
No matching quizzes found
Score Distribution
Percent of People with Each Score
Percentile by Number Answered
Your Score History
You have not taken this quiz